Between morality and rationality: (Record no. 507505)

000 -LEADER
fixed length control field 00458nam a2200157 4500
008 - FIXED-LENGTH DATA ELEMENTS--GENERAL INFORMATION
fixed length control field 190215b ||||| |||| 00| 0 eng d
100 ## - MAIN ENTRY--PERSONAL NAME
Personal name Burlone, Nathalie
245 ## - TITLE STATEMENT
Title Between morality and rationality:
Remainder of title framing end-of-life care policy through narratives
260 ## - PUBLICATION, DISTRIBUTION, ETC. (IMPRINT)
Date of publication, distribution, etc 2018
300 ## - PHYSICAL DESCRIPTION
Extent p.313-334.
650 ## - SUBJECT ADDED ENTRY--TOPICAL TERM
Topical term or geographic name as entry element Morality
9 (RLIN) 1851
700 ## - ADDED ENTRY--PERSONAL NAME
Personal name Burlone, Nathalie
9 (RLIN) 1852
773 ## - HOST ITEM ENTRY
Main entry heading Policy Sciences
906 ## - LOCAL DATA ELEMENT F, LDF (RLIN)
Subject DIP Public policy
942 ## - ADDED ENTRY ELEMENTS (KOHA)
Source of classification or shelving scheme
Item type Articles
Holdings
Withdrawn status Lost status Source of classification or shelving scheme Damaged status Not for loan Permanent location Current location Date acquired Serial Enumeration / chronology Barcode Date last seen Koha item type
          Indian Institute of Public Administration Indian Institute of Public Administration 2019-02-15 51(3), Sep, 2018: p.313-334. AR118918 2019-02-15 Articles

Powered by Koha